[Event "Open Villa de Benasque 2018"]
[Site "Benasque ESP"]
[Date "2018.07.07"]
[Round "3.4"]
[White "Cervello Tost, Ferran"]
[Black "Prohaszka, Peter"]
[Result "0-1"]
[WhiteElo "2334"]
[BlackElo "2610"]
[PlyCount "64"]
[EventDate "2018.07.05"]
[EventType "swiss"]
[EventRounds "10"]
[EventCountry "ESP"]
[SourceTitle "Ajedrez en Madrid"]
[Source "lmi"]
[SourceDate "2018.07.05"]
[SourceVersion "1"]
[SourceVersionDate "2018.07.14"]
[SourceQuality "1"]

1. d4 d5 2. Nf3 c6 3. g3 Bg4 4. Bg2 e6 5. O-O Nd7 6. h3 Bh5 7. Nbd2 Ngf6 8. Ne5
Bd6 9. Nxd7 Qxd7 10. Re1 O-O 11. g4 Bg6 12. g5 Nh5 13. e4 Nf4 14. e5 Be7 15. h4
Nxg2 16. Kxg2 f6 17. exf6 gxf6 18. h5 Bf5 19. g6 hxg6 20. hxg6 Bxg6 21. Nf1 Bd6
22. Ng3 Kf7 23. f4 Rg8 24. Kf2 Rae8 25. Be3 Ke7 26. Rg1 Kd8 27. c4 dxc4 28. Rc1
Bd3 29. b3 e5 30. fxe5 fxe5 31. d5 Ref8+ 32. Ke1 Rxg3 0-1

[Event "Open Villa de Benasque 2018"]
[Site "Benasque ESP"]
[Date "2018.07.07"]
[Round "3.5"]
[White "Gines Esteo, Pedro Antonio"]
[Black "Vocaturo, Daniele"]
[Result "1/2-1/2"]
[WhiteElo "2332"]
[BlackElo "2609"]
[PlyCount "34"]
[EventDate "2018.07.05"]
[EventType "swiss"]
[EventRounds "10"]
[EventCountry "ESP"]
[SourceTitle "Ajedrez en Madrid"]
[Source "lmi"]
[SourceDate "2018.07.05"]
[SourceVersion "1"]
[SourceVersionDate "2018.07.14"]
[SourceQuality "1"]

1. d4 Nf6 2. c4 g6 3. Nc3 d5 4. cxd5 Nxd5 5. Bd2 Nb6 6. Nf3 Bg7 7. Bg5 O-O 8.
e3 h6 9. Bh4 c5 10. dxc5 N6d7 11. Be2 Nc6 12. Nd4 g5 13. Bg3 Nxc5 14. Nxc6 bxc6
15. Qc2 f5 16. O-O e5 17. f3 Rb8 1/2-1/2

[Event "Open Villa de Benasque 2018"]
[Site "Benasque ESP"]
[Date "2018.07.07"]
[Round "3.6"]
[White "Banusz, Tamas"]
[Black "Castellanos Gomez, Alejandro"]
[Result "1-0"]
[WhiteElo "2607"]
[BlackElo "2324"]
[PlyCount "103"]
[EventDate "2018.07.05"]
[EventType "swiss"]
[EventRounds "10"]
[EventCountry "ESP"]
[SourceTitle "Ajedrez en Madrid"]
[Source "lmi"]
[SourceDate "2018.07.05"]
[SourceVersion "1"]
[SourceVersionDate "2018.07.14"]
[SourceQuality "1"]

1. c4 e6 2. Nf3 Nf6 3. g3 b6 4. Bg2 Bb7 5. O-O Be7 6. d4 O-O 7. Nc3 Ne4 8. Bd2
d6 9. Qc2 Nxc3 10. Bxc3 f5 11. Ne1 Bxg2 12. Nxg2 Bg5 13. f4 Bf6 14. e4 Nc6 15.
Rad1 Qe8 16. Rfe1 Qh5 17. d5 Nd8 18. Bxf6 Rxf6 19. e5 Rh6 20. Nh4 g5 21. fxg5
Qxg5 22. Qg2 Rc8 23. exd6 cxd6 24. dxe6 Nxe6 25. Qd5 Rc5 26. Qxd6 Nf8 27. Qd8
Qxd8 28. Rxd8 Rxc4 29. Nxf5 Rf6 30. Rf1 Rc2 31. g4 Rc5 32. Kg2 h5 33. h3 Kh7
34. Rf2 a5 35. Kg3 b5 36. Rfd2 Kg6 37. R8d5 Ne6 38. Rxc5 Nxc5 39. Kf4 Ne6+ 40.
Ke5 hxg4 41. hxg4 Ng5 42. Rc2 Re6+ 43. Kd5 Re4 44. Rc6+ Kh7 45. Rh6+ Kg8 46.
Rg6+ Kf8 47. Rxg5 Re2 48. Rg7 Rxb2 49. Rb7 Rxa2 50. Ke6 Re2+ 51. Kf6 b4 52. g5
1-0

[Event "Open Villa de Benasque 2018"]
[Site "Benasque ESP"]
[Date "2018.07.07"]
[Round "3.7"]
[White "Martinez Pla, Xavier"]
[Black "Baklan, Vladimir"]
[Result "0-1"]
[WhiteElo "2320"]
[BlackElo "2595"]
[PlyCount "56"]
[EventDate "2018.07.05"]
[EventType "swiss"]
[EventRounds "10"]
[EventCountry "ESP"]
[SourceTitle "Ajedrez en Madrid"]
[Source "lmi"]
[SourceDate "2018.07.05"]
[SourceVersion "1"]
[SourceVersionDate "2018.07.14"]
[SourceQuality "1"]

1. e4 c5 2. Nf3 Nc6 3. Bb5 Nf6 4. e5 Nd5 5. O-O Nc7 6. Bxc6 dxc6 7. h3 h6 8. b3
g5 9. Bb2 Rg8 10. Nh2 Ne6 11. Nc3 Bg7 12. Ne4 Qd5 13. Re1 Bxe5 14. Bxe5 Qxe5
15. Ng4 Qg7 16. Ng3 Nf4 17. Ne4 Bxg4 18. Qxg4 Ne6 19. Qf5 Qd4 20. c3 Qd5 21.
Qh7 Rf8 22. Qxh6 O-O-O 23. Qh5 Nf4 24. Qf3 f6 25. b4 c4 26. a4 Rg8 27. Qe3 f5
28. Qxa7 fxe4 0-1

[Event "Open Villa de Benasque 2018"]
[Site "Benasque ESP"]
[Date "2018.07.07"]
[Round "3.8"]
[White "Chigaev, Maksim"]
[Black "Terao, Juliana Sayumi"]
[Result "1-0"]
[WhiteElo "2582"]
[BlackElo "2308"]
[PlyCount "67"]
[EventDate "2018.07.05"]
[EventType "swiss"]
[EventRounds "10"]
[EventCountry "ESP"]
[SourceTitle "Ajedrez en Madrid"]
[Source "lmi"]
[SourceDate "2018.07.05"]
[SourceVersion "1"]
[SourceVersionDate "2018.07.14"]
[SourceQuality "1"]

1. e4 c5 2. Be2 e6 3. f4 Nc6 4. Nf3 a6 5. O-O d5 6. d3 Nge7 7. Be3 b6 8. c4 d4
9. Bf2 Ng6 10. g3 Bd6 11. e5 Bc7 12. b4 O-O 13. bxc5 bxc5 14. Nbd2 Bd7 15. Ne4
Qe7 16. Nfd2 f5 17. exf6 gxf6 18. Nb3 Bb6 19. Rb1 Rab8 20. Bf3 e5 21. f5 Bxf5
22. Nexc5 Bxc5 23. Bxc6 Be6 24. Qf3 Bb4 25. Bd5 Qf7 26. Bxe6 Qxe6 27. Be1 Be7
28. Bd2 Qd7 29. Bh6 Rfc8 30. h4 Nh8 31. Na5 Nf7 32. Nc6 Rxc6 33. Rxb8+ Rc8 34.
Rb7 1-0

[Event "Open Villa de Benasque 2018"]
[Site "Benasque ESP"]
[Date "2018.07.07"]
[Round "3.9"]
[White "Ferrante, Marco"]
[Black "Forcen Esteban, Daniel"]
[Result "0-1"]
[WhiteElo "2290"]
[BlackElo "2567"]
[PlyCount "160"]
[EventDate "2018.07.05"]
[EventType "swiss"]
[EventRounds "10"]
[EventCountry "ESP"]
[SourceTitle "Ajedrez en Madrid"]
[Source "lmi"]
[SourceDate "2018.07.05"]
[SourceVersion "1"]
[SourceVersionDate "2018.07.14"]
[SourceQuality "1"]

1. e4 e5 2. Nf3 Nc6 3. d4 exd4 4. Bc4 Nf6 5. e5 d5 6. Bb5 Nd7 7. O-O Be7 8.
Bxc6 bxc6 9. Nxd4 Nb8 10. Qf3 O-O 11. Nc3 a5 12. Re1 Bd7 13. Nce2 Re8 14. Bd2
c5 15. Nf5 Bg5 16. Qg3 Bxf5 17. Bxg5 Qd7 18. Nf4 Qc6 19. Nh5 Bg6 20. Nxg7 Kxg7
21. Bf6+ Kg8 22. f4 Qe6 23. Qg5 Nd7 24. g4 h6 25. Qh4 Kh7 26. f5 Qc6 27. fxg6+
fxg6 28. g5 h5 29. e6 Nxf6 30. gxf6 Rxe6 31. Rxe6 Qxe6 32. Re1 Qf5 33. Rf1 Qe5
34. Re1 Qf5 35. Rf1 Qd7 36. f7 Rf8 37. Qf6 Qg4+ 38. Kh1 Qe4+ 39. Rf3 d4 40. Kg1
c4 41. Qf4 Qd5 42. Rf2 d3 43. cxd3 cxd3 44. b3 c5 45. Rd2 Kg7 46. Qe3 Qxf7 47.
Qxd3 Qf4 48. Kg2 Rf5 49. h3 Kh6 50. h4 Qxh4 51. Qe3+ Qg5+ 52. Qxg5+ Rxg5+ 53.
Kh3 Re5 54. Rd6 Re3+ 55. Kh4 a4 56. Rc6 axb3 57. axb3 Re4+ 58. Kh3 Rb4 59. Rxc5
Rxb3+ 60. Kh2 h4 61. Kg2 g5 62. Kh1 Rb2 63. Kg1 Kh5 64. Rc4 h3 65. Kh1 g4 66.
Rc5+ Kh4 67. Rc4 Rf2 68. Kg1 Rf5 69. Kh2 Re5 70. Rb4 Kg5 71. Kg3 Re3+ 72. Kh2
Re2+ 73. Kh1 g3 74. Rb1 Re4 75. Kg1 Kg4 76. Rf1 Ra4 77. Rb1 h2+ 78. Kg2 Ra2+
79. Kh1 Kh3 80. Rb2 Ra1+ 0-1

[Event "Open Villa de Benasque 2018"]
[Site "Benasque ESP"]
[Date "2018.07.07"]
[Round "3.10"]
[White "Kharitonov, Alexandr"]
[Black "Domingo Nuñez, Ruben"]
[Result "1-0"]
[WhiteElo "2564"]
[BlackElo "2305"]
[PlyCount "113"]
[EventDate "2018.07.05"]
[EventType "swiss"]
[EventRounds "10"]
[EventCountry "ESP"]
[SourceTitle "Ajedrez en Madrid"]
[Source "lmi"]
[SourceDate "2018.07.05"]
[SourceVersion "1"]
[SourceVersionDate "2018.07.14"]
[SourceQuality "1"]

1. d4 Nf6 2. c4 e6 3. Nc3 Bb4 4. Qc2 O-O 5. a3 Bxc3+ 6. Qxc3 d6 7. f3 b6 8. e4
c5 9. d5 exd5 10. cxd5 Re8 11. Be3 Nxe4 12. fxe4 Qh4+ 13. Kd2 Qxe4 14. Re1
Qxd5+ 15. Kc1 Nc6 16. Nf3 Bg4 17. Bc4 Qh5 18. Ng5 Ne5 19. h3 Bd7 20. Bd5 Qg6
21. Rd1 Bc6 22. Bxc6 Nxc6 23. Rhe1 h6 24. Nf3 Re4 25. Bf2 Rae8 26. Rxe4 Rxe4
27. Qc2 f5 28. Bg1 Qe6 29. Qd3 Re2 30. Rd2 Rxd2 31. Kxd2 Na5 32. Kc2 Nc4 33. b3
Na5 34. Bh2 c4 35. bxc4 Nxc4 36. Bg1 d5 37. Nd2 Nd6 38. Bd4 Ne4 39. Nxe4 fxe4
40. Qg3 Qc8+ 41. Kd2 Qf8 42. Qg6 Qe7 43. Ke2 b5 44. Qf5 Qd6 45. Qe5 Qd7 46.
Qb8+ Kh7 47. Qxa7 Qxa7 48. Bxa7 Kg6 49. Ke3 Kf5 50. Kd4 Ke6 51. Bb8 h5 52. Bh2
g5 53. g4 hxg4 54. hxg4 e3 55. Kxe3 Kd7 56. Kd4 Kc6 57. Be5 1-0

[Event "Open Villa de Benasque 2018"]
[Site "Benasque ESP"]
[Date "2018.07.08"]
[Round "4.1"]
[White "Jansa, Vlastimil"]
[Black "Iturrizaga Bonelli, Eduardo"]
[Result "1-0"]
[WhiteElo "2451"]
[BlackElo "2652"]
[PlyCount "67"]
[EventDate "2018.07.05"]
[EventType "swiss"]
[EventRounds "10"]
[EventCountry "ESP"]
[SourceTitle "Ajedrez en Madrid"]
[Source "lmi"]
[SourceDate "2018.07.05"]
[SourceVersion "1"]
[SourceVersionDate "2018.07.14"]
[SourceQuality "1"]

1. e4 c5 2. Nf3 e6 3. Nc3 a6 4. d4 cxd4 5. Nxd4 Qc7 6. Bd3 Nf6 7. Qe2 d6 8. f4
Nbd7 9. Nf3 g6 10. O-O Bg7 11. Kh1 Nc5 12. Bd2 O-O 13. Rae1 b5 14. b4 Ncd7 15.
e5 dxe5 16. fxe5 Ng4 17. Ne4 Ngxe5 18. Bf4 Qa7 19. Be3 Qc7 20. Bf4 Qa7 21. Be3
Qb8 22. Bf4 Qb6 23. Nxe5 Nxe5 24. Bxe5 Bxe5 25. Ng5 Bc3 26. Rd1 Ra7 27. Nxh7
Kxh7 28. Bxg6+ Kxg6 29. Rd3 f5 30. Rxc3 Kf6 31. Qh5 Qd4 32. Rg3 Rg7 33. Rd1 Rh8
34. Rg6+ 1-0

[Event "Open Villa de Benasque 2018"]
[Site "Benasque ESP"]
[Date "2018.07.08"]
[Round "4.2"]
[White "Prohaszka, Peter"]
[Black "Gascon Del Nogal, Jose Rafael"]
[Result "1-0"]
[WhiteElo "2610"]
[BlackElo "2458"]
[PlyCount "85"]
[EventDate "2018.07.05"]
[EventType "swiss"]
[EventRounds "10"]
[EventCountry "ESP"]
[SourceTitle "Ajedrez en Madrid"]
[Source "lmi"]
[SourceDate "2018.07.05"]
[SourceVersion "1"]
[SourceVersionDate "2018.07.14"]
[SourceQuality "1"]

1. Nf3 Nf6 2. g3 d5 3. Bg2 e6 4. O-O c5 5. d4 cxd4 6. Bf4 Nbd7 7. Qxd4 Bc5 8.
Qd3 Qe7 9. Ne5 Nh5 10. c4 Nxf4 11. gxf4 O-O 12. Nc3 Nxe5 13. fxe5 Bd7 14. cxd5
exd5 15. b4 Bb6 16. Nxd5 Qe6 17. Nxb6 axb6 18. Qd6 Bc6 19. Qxe6 fxe6 20. Bxc6
bxc6 21. Rfc1 Ra4 22. a3 c5 23. bxc5 bxc5 24. Rxc5 Rg4+ 25. Kf1 Rh4 26. Rac1
Rxh2 27. f3 Rf5 28. R1c4 h5 29. a4 Rg5 30. Re4 h4 31. Rc8+ Kh7 32. Rcc4 h3 33.
Rh4+ Kg8 34. Rhg4 Rxe5 35. Rce4 Rc5 36. Kg1 Rg2+ 37. Rxg2 Rc1+ 38. Kh2 hxg2 39.
Kxg2 Ra1 40. Kf2 Ra3 41. Ke1 Kf7 42. Kd2 Ke7 43. Kc2 1-0

[Event "Open Villa de Benasque 2018"]
[Site "Benasque ESP"]
[Date "2018.07.08"]
[Round "4.3"]
[White "Quintin Navarro, Alberto"]
[Black "Banusz, Tamas"]
[Result "1/2-1/2"]
[WhiteElo "2412"]
[BlackElo "2607"]
[PlyCount "54"]
[EventDate "2018.07.05"]
[EventType "swiss"]
[EventRounds "10"]
[EventCountry "ESP"]
[SourceTitle "Ajedrez en Madrid"]
[Source "lmi"]
[SourceDate "2018.07.05"]
[SourceVersion "1"]
[SourceVersionDate "2018.07.14"]
[SourceQuality "1"]

1. c4 e5 2. Nc3 Nf6 3. Nf3 Nc6 4. g3 d5 5. cxd5 Nxd5 6. Bg2 Nb6 7. O-O Be7 8.
a3 O-O 9. b4 Be6 10. d3 a5 11. b5 Nd4 12. Nd2 c6 13. bxc6 Nxc6 14. Rb1 a4 15.
Nc4 Nxc4 16. dxc4 Bxc4 17. Qxd8 Bxd8 18. Rxb7 Rc8 19. Bd2 Ba5 20. Bxc6 Rxc6 21.
Nd5 Bxd5 22. Bxa5 Bb3 23. Rc7 Rc8 24. Rxc6 Rxc6 25. Bd2 f6 26. Rc1 Rxc1+ 27.
Bxc1 Kf7 1/2-1/2

[Event "Open Villa de Benasque 2018"]
[Site "Benasque ESP"]
[Date "2018.07.08"]
[Round "4.4"]
[White "Baklan, Vladimir"]
[Black "Campora, Daniel H."]
[Result "1-0"]
[WhiteElo "2595"]
[BlackElo "2405"]
[PlyCount "84"]
[EventDate "2018.07.05"]
[EventType "swiss"]
[EventRounds "10"]
[EventCountry "ESP"]
[SourceTitle "Ajedrez en Madrid"]
[Source "lmi"]
[SourceDate "2018.07.05"]
[SourceVersion "1"]
[SourceVersionDate "2018.07.14"]
[SourceQuality "1"]

1. e4 d6 2. d4 Nf6 3. Nc3 e5 4. Nf3 Nbd7 5. Bc4 Be7 6. a4 O-O 7. O-O c6 8. Ba2
b6 9. Qe2 a6 10. Rd1 Qc7 11. h3 Rb8 12. d5 cxd5 13. Bxd5 Nc5 14. Bg5 Bd7 15.
Bxf6 Bxf6 16. Bc4 Nxa4 17. Nxa4 b5 18. Bxf7+ Rxf7 19. Nc3 Bc8 20. Qd3 b4 21.
Nd5 Qc5 22. c3 bxc3 23. b4 Qb5 24. Qxc3 Bd8 25. Ra3 h6 26. Qd2 Bb7 27. Qa2 Bxd5
28. Rxd5 Qxb4 29. Rxa6 Qxe4 30. Rd1 Bb6 31. Rxd6 Bd4 32. Rg6 Rb1+ 33. Kh2 Qf4+
34. Rg3 Qc1 35. Rgg6 Qf4+ 36. Rg3 Rb2 37. Ra8+ Kh7 38. Qe6 g5 39. Ra6 Rb6 40.
Rxb6 Bxb6 41. Qxb6 e4 42. Ng1 Qe5 1-0

[Event "Open Villa de Benasque 2018"]
[Site "Benasque ESP"]
[Date "2018.07.08"]
[Round "4.5"]
[White "Nguyen, Piotr"]
[Black "Chigaev, Maksim"]
[Result "0-1"]
[WhiteElo "2410"]
[BlackElo "2582"]
[PlyCount "108"]
[EventDate "2018.07.05"]
[EventType "swiss"]
[EventRounds "10"]
[EventCountry "ESP"]
[SourceTitle "Ajedrez en Madrid"]
[Source "lmi"]
[SourceDate "2018.07.05"]
[SourceVersion "1"]
[SourceVersionDate "2018.07.14"]
[SourceQuality "1"]

1. c4 g6 2. g3 Bg7 3. Bg2 Nf6 4. Nc3 O-O 5. e4 d6 6. Nge2 e5 7. O-O c6 8. d3 a6
9. h3 b5 10. Be3 Nbd7 11. Qd2 Bb7 12. Rae1 d5 13. exd5 cxd5 14. Bg5 Qb6 15.
Nxd5 Nxd5 16. cxd5 f5 17. Qb4 Rae8 18. Be3 Qd8 19. f4 Nf6 20. Nc3 Nh5 21. fxe5
Bxe5 22. Bc5 Bxg3 23. Re7 Rf7 24. d6 Bxg2 25. Kxg2 Rfxe7 26. dxe7 Qxd3 27. Rd1
Qc2+ 28. Kf3 Be5 29. Rd8 Kf7 30. Nd5 Nf6 31. Ne3 Qe4+ 32. Qxe4 Nxe4 33. Bb4 Nf6
34. b3 Bc7 35. Rd1 a5 36. Ba3 Bb6 37. Bd6 Bxe3 38. Kxe3 Ne4 39. Kf3 Nxd6 40.
Rxd6 Rxe7 41. Ra6 b4 42. Rxa5 Kf6 43. Ra4 Re4 44. Ra7 h5 45. Rb7 Kg5 46. Rb6
Rf4+ 47. Kg3 Rd4 48. Kf3 Rd3+ 49. Kg2 Rd2+ 50. Kf3 h4 51. Rxb4 Rxa2 52. Rb6 Rh2
53. b4 Rxh3+ 54. Kg2 Rb3 0-1

[Event "Open Villa de Benasque 2018"]
[Site "Benasque ESP"]
[Date "2018.07.08"]
[Round "4.6"]
[White "Forcen Esteban, Daniel"]
[Black "Ayats Llobera, Gerard"]
[Result "1-0"]
[WhiteElo "2567"]
[BlackElo "2376"]
[PlyCount "65"]
[EventDate "2018.07.05"]
[EventType "swiss"]
[EventRounds "10"]
[EventCountry "ESP"]
[SourceTitle "Ajedrez en Madrid"]
[Source "lmi"]
[SourceDate "2018.07.05"]
[SourceVersion "1"]
[SourceVersionDate "2018.07.14"]
[SourceQuality "1"]

1. d4 Nf6 2. c4 g6 3. Nc3 Bg7 4. e4 d6 5. Be2 O-O 6. Be3 a6 7. Nf3 Bg4 8. h3
Bxf3 9. Bxf3 Nfd7 10. Be2 e5 11. d5 f5 12. exf5 gxf5 13. Qc2 Kh8 14. g4 f4 15.
Bd2 Qh4 16. Rg1 Nc5 17. b4 e4 18. O-O-O Nd3+ 19. Bxd3 exd3 20. Qxd3 Nd7 21. Ne4
Ne5 22. Qb3 b5 23. c5 dxc5 24. Nxc5 Qxf2 25. Ne6 Nc4 26. Rgf1 Qg2 27. Bc3 Be5
28. Bxe5+ Nxe5 29. Qc3 Qe4 30. Rd4 Qg2 31. Rdxf4 Qxf1+ 32. Rxf1 Rxf1+ 33. Kd2
1-0

[Event "Open Villa de Benasque 2018"]
[Site "Benasque ESP"]
[Date "2018.07.08"]
[Round "4.7"]
[White "Osmak, Iulija"]
[Black "Kharitonov, Alexandr"]
[Result "1/2-1/2"]
[WhiteElo "2392"]
[BlackElo "2564"]
[PlyCount "82"]
[EventDate "2018.07.05"]
[EventType "swiss"]
[EventRounds "10"]
[EventCountry "ESP"]
[SourceTitle "Ajedrez en Madrid"]
[Source "lmi"]
[SourceDate "2018.07.05"]
[SourceVersion "1"]
[SourceVersionDate "2018.07.14"]
[SourceQuality "1"]

1. e4 c6 2. d4 d5 3. exd5 cxd5 4. Nf3 Nc6 5. Ne5 Nf6 6. Bb5 Bd7 7. Nxd7 Qxd7 8.
c3 a6 9. Bd3 Qg4 10. Qxg4 Nxg4 11. h3 Nf6 12. Bf4 e6 13. Nd2 Kd7 14. Nf3 Bd6
15. Ne5+ Ke7 16. O-O Nd7 17. Rae1 f6 18. Nxd7 Kxd7 19. Bxd6 Kxd6 20. f4 Rae8
21. Re2 Re7 22. Rfe1 h6 23. h4 e5 24. fxe5+ fxe5 25. dxe5+ Rxe5 26. Rxe5 Nxe5
27. Be2 Rf8 28. Rd1 Ke6 29. Rd4 a5 30. Bb5 g5 31. hxg5 hxg5 32. Rd2 Rf4 33. Re2
Kd6 34. g3 Rf6 35. Kg2 g4 36. Re1 Nf3 37. Rh1 Ng5 38. Rf1 Rxf1 39. Bxf1 Ne4 40.
Be2 Nf6 41. Kf2 Ne4+ 1/2-1/2

[Event "Open Villa de Benasque 2018"]
[Site "Benasque ESP"]
[Date "2018.07.08"]
[Round "4.8"]
[White "Roeder, Matthias"]
[Black "Martinez Duany, Lelys Stanley"]
[Result "1/2-1/2"]
[WhiteElo "2376"]
[BlackElo "2528"]
[PlyCount "59"]
[EventDate "2018.07.05"]
[EventType "swiss"]
[EventRounds "10"]
[EventCountry "ESP"]
[SourceTitle "Ajedrez en Madrid"]
[Source "lmi"]
[SourceDate "2018.07.05"]
[SourceVersion "1"]
[SourceVersionDate "2018.07.14"]
[SourceQuality "1"]

1. Nf3 Nf6 2. c4 g6 3. Nc3 c5 4. e4 d6 5. d4 cxd4 6. Nxd4 Bg7 7. Be2 O-O 8. O-O
Nc6 9. Be3 Bd7 10. Qd2 Nxd4 11. Bxd4 Bc6 12. f3 a5 13. b3 Nd7 14. Be3 Nc5 15.
Rab1 Be5 16. Rfd1 b6 17. Rbc1 Ra7 18. Bh6 Re8 19. Bf1 Rd7 20. g3 e6 21. Bg2 Qb8
22. Kh1 Bh8 23. Be3 Bg7 24. Bd4 Be5 25. Be3 f5 26. exf5 gxf5 27. Bd4 Qb7 28.
Qe3 Rg7 29. Rc2 Rg6 30. Bxe5 1/2-1/2

[Event "Open Villa de Benasque 2018"]
[Site "Benasque ESP"]
[Date "2018.07.08"]
[Round "4.9"]
[White "Korpa, Bence"]
[Black "Arjun, Kalyan"]
[Result "1/2-1/2"]
[WhiteElo "2513"]
[BlackElo "2370"]
[PlyCount "101"]
[EventDate "2018.07.05"]
[EventType "swiss"]
[EventRounds "10"]
[EventCountry "ESP"]
[SourceTitle "Ajedrez en Madrid"]
[Source "lmi"]
[SourceDate "2018.07.05"]
[SourceVersion "1"]
[SourceVersionDate "2018.07.14"]
[SourceQuality "1"]

1. Nf3 d5 2. g3 Bg4 3. Bg2 Nd7 4. c4 e6 5. cxd5 exd5 6. d3 Ngf6 7. h3 Bh5 8.
O-O c6 9. Nc3 Bc5 10. Qb3 Bb6 11. Na4 Bxf3 12. Bxf3 O-O 13. Nxb6 Nc5 14. Qc2
axb6 15. b4 Ne6 16. Bb2 Qd6 17. b5 Nd7 18. a4 Rfc8 19. bxc6 bxc6 20. d4 Nf6 21.
h4 Ne4 22. Bxe4 dxe4 23. Qxe4 Qb4 24. Qc2 Nxd4 25. Bxd4 Qxd4 26. Rfd1 Qf6 27.
Ra3 Rd8 28. Rxd8+ Rxd8 29. Rf3 Qg6 30. Qxg6 hxg6 31. Rb3 Rb8 32. a5 b5 33. Rc3
Ra8 34. Rxc6 Rxa5 35. Rc8+ Kh7 36. Rb8 Ra2 37. e3 Rb2 38. Kg2 b4 39. g4 f6 40.
g5 Rb1 41. e4 b3 42. Kf3 b2 43. Ke2 Rh1 44. Rxb2 Rxh4 45. Ke3 Kg8 46. Rb8+ Kf7
47. Rb7+ Kf8 48. Kd4 Rf4 49. gxf6 gxf6 50. Ke3 g5 51. f3 1/2-1/2

[Event "Open Villa de Benasque 2018"]
[Site "Benasque ESP"]
[Date "2018.07.08"]
[Round "4.10"]
[White "Domingo Nuñez, Alejandro"]
[Black "Zoler, Dan"]
[Result "1-0"]
[WhiteElo "2369"]
[BlackElo "2506"]
[PlyCount "171"]
[EventDate "2018.07.05"]
[EventType "swiss"]
[EventRounds "10"]
[EventCountry "ESP"]
[SourceTitle "Ajedrez en Madrid"]
[Source "lmi"]
[SourceDate "2018.07.05"]
[SourceVersion "1"]
[SourceVersionDate "2018.07.14"]
[SourceQuality "1"]

1. e4 e5 2. Nf3 Nc6 3. Bc4 Nf6 4. d3 h6 5. O-O d6 6. c3 g6 7. Re1 Bg7 8. Bb3
O-O 9. h3 Re8 10. Nbd2 Na5 11. Ba4 Bd7 12. d4 b5 13. Bc2 c5 14. Nf1 Rc8 15. d5
Nc4 16. a4 a6 17. b3 Na5 18. axb5 axb5 19. Be3 Qc7 20. Ra2 c4 21. b4 Nb3 22.
Ra7 Qd8 23. Ng3 Ra8 24. Bxb3 Rxa7 25. Bxa7 Qc7 26. Be3 cxb3 27. Qxb3 Rc8 28.
Rc1 Ne8 29. Qb1 Qb7 30. Nd2 h5 31. c4 bxc4 32. Nxc4 Bb5 33. Na3 Rxc1+ 34. Qxc1
Bd7 35. Qb1 h4 36. Nf1 Nc7 37. Nd2 f5 38. f3 Nb5 39. Nac4 Qa6 40. Qe1 f4 41.
Bf2 g5 42. Nb6 Be8 43. Ndc4 Qa2 44. Kh2 Qc2 45. Qd2 Qb3 46. Qb2 Qd1 47. Qa2 Qf1
48. Qd2 Bf8 49. Qe1 Qd3 50. Qa1 Qc2 51. Qe1 Be7 52. Qd2 Qb1 53. Nc8 Bf8 54. Qe1
Qb3 55. N4b6 Nc3 56. Bxh4 gxh4 57. Qxh4 Ne2 58. Qg5+ Kh7 59. Qf5+ Kg8 60. Qe6+
Bf7 61. Qg4+ Kh8 62. Qh4+ Kg7 63. Qg5+ Kh8 64. Qd8 Qd1 65. Qxf8+ Kh7 66. Qxf7+
Kh6 67. Qf6+ Kh7 68. Qe7+ Kg8 69. Qg5+ Kh7 70. Qe7+ Kg8 71. Qe8+ Kg7 72. Qd7+
Kh8 73. Qd8+ Kh7 74. Qd7+ Kh8 75. Qe8+ Kg7 76. Qe7+ Kh8 77. Qf6+ Kh7 78. Qh4+
Kg7 79. Qe7+ Kh8 80. h4 Qg1+ 81. Kh3 Nd4 82. Kg4 Qxg2+ 83. Kh5 Qg8 84. Qf6+ Qg7
85. Qxg7+ Kxg7 86. Kg4 1-0

[Event "Open Villa de Benasque 2018"]
[Site "Benasque ESP"]
[Date "2018.07.09"]
[Round "5.1"]
[White "Ubilava, Elizbar"]
[Black "Prohaszka, Peter"]
[Result "1/2-1/2"]
[WhiteElo "2478"]
[BlackElo "2610"]
[PlyCount "84"]
[EventDate "2018.07.05"]
[EventType "swiss"]
[EventRounds "10"]
[EventCountry "ESP"]
[SourceTitle "Ajedrez en Madrid"]
[Source "lmi"]
[SourceDate "2018.07.05"]
[SourceVersion "1"]
[SourceVersionDate "2018.07.14"]
[SourceQuality "1"]

1. d4 d5 2. c4 e6 3. Nc3 Nf6 4. cxd5 exd5 5. Bg5 c6 6. e3 Bf5 7. Bd3 Bxd3 8.
Qxd3 Nbd7 9. Nge2 Be7 10. O-O O-O 11. h3 a5 12. Rac1 Nb6 13. b3 Re8 14. Bxf6
Bxf6 15. Na4 Nc8 16. Nc5 Nd6 17. Rc2 g6 18. Nc3 Re7 19. Re2 Bg7 20. Qd2 h5 21.
h4 Nf5 22. g3 Qd6 23. Kg2 Rae8 24. Rfe1 Bh6 25. f4 b6 26. Nd3 f6 27. Nf2 Bg7
28. e4 dxe4 29. Rxe4 Rd8 30. Rxe7 Nxe7 31. Qe2 Nf5 32. Qc4+ Kh7 33. Re6 Qxd4
34. Qxc6 Ne3+ 35. Kf3 Ng4 36. Nce4 Qb2 37. Re7 Rd3+ 38. Nxd3 Nh2+ 39. Ke3 Nf1+
40. Kf3 Nh2+ 41. Ke3 Ng4+ 42. Kf3 Nh2+ 1/2-1/2

[Event "Open Villa de Benasque 2018"]
[Site "Benasque ESP"]
[Date "2018.07.09"]
[Round "5.2"]
[White "Jansa, Vlastimil"]
[Black "Baklan, Vladimir"]
[Result "1/2-1/2"]
[WhiteElo "2451"]
[BlackElo "2595"]
[PlyCount "29"]
[EventDate "2018.07.05"]
[EventType "swiss"]
[EventRounds "10"]
[EventCountry "ESP"]
[SourceTitle "Ajedrez en Madrid"]
[Source "lmi"]
[SourceDate "2018.07.05"]
[SourceVersion "1"]
[SourceVersionDate "2018.07.14"]
[SourceQuality "1"]

1. e4 e6 2. d4 d5 3. Nd2 c5 4. Ngf3 Nc6 5. exd5 exd5 6. Bb5 Qe7+ 7. Be2 Qc7 8.
O-O Nf6 9. Re1 Be6 10. Nf1 Be7 11. dxc5 Bxc5 12. Be3 Qb6 13. Bxc5 Qxc5 14. c3
O-O 15. Nd4 1/2-1/2

[Event "Open Villa de Benasque 2018"]
[Site "Benasque ESP"]
[Date "2018.07.09"]
[Round "5.5"]
[White "Kuzubov, Yuriy"]
[Black "Quintin Navarro, Alberto"]
[Result "1-0"]
[WhiteElo "2660"]
[BlackElo "2412"]
[PlyCount "151"]
[EventDate "2018.07.05"]
[EventType "swiss"]
[EventRounds "10"]
[EventCountry "ESP"]
[SourceTitle "Ajedrez en Madrid"]
[Source "lmi"]
[SourceDate "2018.07.05"]
[SourceVersion "1"]
[SourceVersionDate "2018.07.14"]
[SourceQuality "1"]

1. d4 Nf6 2. c4 g6 3. Nc3 Bg7 4. e4 d6 5. Be2 O-O 6. Nf3 e5 7. O-O Nc6 8. d5
Ne7 9. b4 Ne8 10. c5 f5 11. Qb3 Kh8 12. Nd2 Nf6 13. f3 f4 14. Nc4 g5 15. Ba3
Ng6 16. cxd6 cxd6 17. b5 Ne8 18. b6 a6 19. Qb4 Rf6 20. Na5 Rf7 21. Rac1 h5 22.
Nc6 Qf6 23. Na7 Bd7 24. Bxa6 bxa6 25. b7 Rb8 26. Nc6 Bxc6 27. dxc6 Ne7 28. Qb6
Nxc6 29. Nd5 Qe6 30. Rxc6 Rfxb7 31. Qxa6 Bf8 32. Rfc1 g4 33. Qd3 Ra7 34. Kh1
Rg7 35. Bb4 h4 36. a3 h3 37. g3 fxg3 38. hxg3 Nf6 39. Nxf6 Qxf6 40. f4 Qf7 41.
Rf1 Qb7 42. Qd5 Rf7 43. f5 Rc7 44. Rxc7 Qxc7 45. Qd1 Qc4 46. Re1 Qa2 47. Rg1
Rb7 48. Qxg4 Qf2 49. f6 Rc7 50. Be1 Qxf6 51. Qe2 Rf7 52. Kh2 Qf3 53. Qxf3 Rxf3
54. Bb4 Re3 55. Re1 Rxe1 56. Bxe1 d5 57. a4 dxe4 58. Kxh3 Kg7 59. Bf2 Bb4 60.
Be3 Kf6 61. g4 Ke6 62. Kg2 Be7 63. a5 Kd7 64. a6 Kc7 65. Kf2 Kb8 66. Ke2 Ka8
67. Kd2 Bb4+ 68. Kc2 Be7 69. Kb3 Bd8 70. Kc4 Bh4 71. Kd5 Bd8 72. Kxe4 Bh4 73.
Kxe5 Bd8 74. Kf5 Be7 75. Bd4 Bd8 76. Bf6 1-0